[Event "Corsica Coca Cola blitz op"]
[Site "Bastia"]
[Date "2017.10.24"]
[Round "2"]
[White "Calcagnile, Lucio"]
[Black "Moussard, Jules"]
[Result "0-1"]
[WhiteElo "2074"]
[BlackElo "2567"]
[PlyCount "50"]
[EventDate "2017.10.24"]
[EventType "swiss (blitz)"]
[EventRounds "9"]
[EventCountry "FRA"]
[SourceTitle "CBM 181 Extra"]
[Source "ChessBase"]
[SourceDate "2017.12.12"]
[SourceVersion "1"]
[SourceVersionDate "2017.12.12"]
[SourceQuality "1"]

1. Nf3 b6 2. d4 Bb7 3. c4 g6 4. Nc3 Bg7 5. e4 e6 6. Be2 Ne7 7. 0-0 d6 8. Bg5 h6 9. Be3 Nd7 10. Qd2 g5 11. h4 g4 12. Ne1 h5 13. f4 f5 14. Bd3 Nf6 15. Qc2 fxe4 16. Nxe4 Nf5 17. Nxf6+ Qxf6 18. Bxf5 exf5 19. Qa4+ Kf7 20. Qb3 Rhe8 21. Nc2 Qxh4 22. Bf2 Qf6 23. Rab1 Kg6 24. d5 Re2 25. Qg3 Rxc2 0-1

[Event "Florence op 6th"]
[Site "Florence"]
[Date "2012.11.01"]
[Round "2"]
[White "Burgassi, Daniele"]
[Black "Calcagnile, Lucio"]
[Result "0-1"]
[WhiteElo "1802"]
[BlackElo "2025"]
[PlyCount "48"]
[EventDate "2012.11.01"]
[EventType "swiss"]
[EventRounds "7"]
[EventCountry "ITA"]
[SourceTitle "EXT 2014"]
[Source "ChessBase"]
[SourceDate "2013.11.20"]
[SourceVersion "1"]
[SourceVersionDate "2013.11.20"]
[SourceQuality "1"]

1. e4 c5 2. Nc3 Nc6 3. f4 g6 4. Nf3 Bg7 5. Bc4 d6 6. 0-0 e6 7. d3 Nge7 8. Qe1 0-0 9. f5 d5 10. Bb3 c4 11. dxc4 dxe4 12. f6 Bxf6 13. Nxe4 Bg7 14. Nfg5 Nf5 15. g4 Nfd4 16. Nxh7 Ne5 17. Nhf6+ Bxf6 18. Nxf6+ Qxf6 19. Kg2 Qh8 20. Bf4 Nec6 21. Bd6 Rd8 22. Bg3 e5 23. Bh4 Bxg4 24. Qg3 Nf5 0-1